The journey of Alexander the Great - Map Quiz - Statistics

General Stats
  • This quiz has been taken 421 times
    393 since last reset
  • The average score is 6 of 31
Answers on the Map
Answers color-coded by a green-red scale on the quiz's map according to % correct below.
 
Answer Stats
Answer % Correct
Start of the journey from Pella
54%
Visit of Troy and promise that Alexander will be an hero like Achilles
51%
A priest says that Alexander is the son of the Egyptian god Amon-Ra
46%
Alexander reaches Egypt and becomes the new Pharaon
44%
Founding of Alexandria of Egypt
39%
Battle of Gaugamela
37%
Battle of Issus; flight of the Persian king Darius III
37%
Visit of Gordion and cut of the "Gordian Knot"
34%
Battle on the river Hydasphes against the Indian army of Phorus
33%
Conquest of Tyre
33%
Conquest of Babylon || Death of Alexander for unknown reasons
32%
Battle on the river Granicus
30%
Alexander reaches Samarkand
24%
Conquest of Sardis; message to the Athenians: "My victory is also yours."
24%
Conquest of Persepolis || Burial of Darius III || Alexander becomes King of Persia
18%
Founding of Alexandria on the Indus || Building of 12 altars to mark the border of the empire
16%
Conquest of Susa || Alexander marries Roxana
15%
Conquest of Ecbatana
11%
Conquest of Pasargadae
10%
Founding of Alexandretta
9%
Founding of Alexandria Eschate
7%
Death of his horse Bucephalus. Founding of Bucephala/Alexandria Bucephalous
6%
Founding of Alexandria Carmania.
5%
Founding of Alexandria Ariana
4%
Founding of Alexandria in Orietai
4%
Founding of Nicaea
4%
Founding of Nikephorion
4%
Founding of Alexandria Arachosia
3%
Founding of Alexandria in Opiania
3%
Founding of Alexandria Prophthasia
3%
Founding of Alexandropolis
3%
No matching quizzes found
Score Distribution
Percent of People with Each Score
Percentile by Number Answered
Your Score History
You have not taken this quiz since the last reset